Państwa Bliskiego Wschodu - Quiz na mapie - Statystyki

Ogólne statystyki
  • Ten quiz został rozwiązany 49 162 razy
  • Średni wynik to 13 z 17
Odpowiedzi na mapie
Odpowiedzi zakodowano w zielono-czerwonej skali na mapie do tego quizu, zgodnie z poniższymi procentami.
 
Statystyki odpowiedzi
Odpowiedź % Poprawnych
Cypr
93%
Egipt
93%
Turcja
90%
Arabia Saudyjska
86%
Irak
80%
Oman
78%
Iran
75%
Izrael
73%
Zjednoczone Emiraty Arabskie
72%
Katar
68%
Palestyna
68%
Syria
67%
Bahrajn
65%
Jemen
64%
Jordania
61%
Kuwejt
61%
Liban
57%
Nie znaleziono quizów pasujących do podanych kryteriów
Rozkład punktacji
Procent ludzi z każdym wynikiem
Percentyl według liczby udzielonych odpowiedzi
Twoja historia wyników
Nie rozwiązałeś tego quizu